| 000 | 01567nam0a2200325 4500 | ||
|---|---|---|---|
| 001 | RU\NLR\bibl\1708947 | ||
| 005 | 20260607062615.0 | ||
| 010 |
_a978-5-7937-0494-6 _970 |
||
| 021 |
_aRU _b2010-85832 _95738 |
||
| 035 | _a(NLR Aleph) 001699986 | ||
| 090 |
_a1214236 _c1214236 |
||
| 100 | _a20101203d2010 |||y0rusy50 ca | ||
| 101 | 0 | _arus | |
| 102 | _aRU | ||
| 105 | _ay ||||||||| | ||
| 200 | 1 |
_aПедагогические профессии в отечественной традиции XI-XXI веков: Историко-лингвистический комментарий _fЛ.Н. Донина _g[вступ. ст.: Колесов В.В.] _gФедер. агентство по образованию, Гос. образоват. учреждение высш. проф. образования "С.-Петерб. гос. ун-т технологии и дизайна" |
|
| 210 |
_aСанкт-Петербург _cСПГУТД _d2010 |
||
| 215 |
_a183, [1] с. _d21 |
||
| 320 | _aБиблиогр.: с. 146-165 | ||
| 606 | 1 |
_aОбразование _xИстория _yРоссия _92297859 _3RU\NLR\auth\661375869 |
|
| 606 | 1 |
_aРусский язык _xИсторическая лексикология _91543637 _3RU\NLR\auth\66974412 |
|
| 686 | _aЧ33(2) | ||
| 686 | _aШ141.12-0-3 | ||
| 700 | 1 |
_4070 _7ca _8rus _aДонина _bЛ. Н. _gЛюдмила Николаевна _9119059 _3RU\NLR\auth\779216 |
|
| 801 | 0 |
_aRU _bNLR _c20101203 _gRCR |
|
| 801 | 1 |
_aRU _bNLR _c20101203 |
|
| 830 | _aавт. по кн. | ||
| 942 | _cBOOK | ||
| 980 | _aNB | ||